000
00306nam a2200133Ia 4500
008
230818s2005 xx 000 0 und d
041
_a
eng
100
_a
Grisewood
245
_a
Children illusrated dictionary
260
_b
Impuse pub.
_c
2005
300
_a
379p
520
_a
General
999
_c
852088
_d
852088
650
_a
General